00830nam a2200253 i 4500001000300000100002000003245006500023260005500088300002800143504003400171521005200205650002300257650001600280650001800296655003000314700001900344020001500363040000800378041000800386044000800394080003500402008004100437856009800478bg1 aSkorek, Janusz. aGazowe układy kogeneracyjne /cJanusz Skorek, Jacek Kalina. aWarszawa :bWydawnictwa Naukowo-Techniczne,c2005. a519 s. :bil. ;c25 cm. aBibliogr. s. 495-513. Indeks.8 aDla studentów wyższych uczelni technicznych 9aElektrociepłownie 9aKogeneracja 9aPaliwa gazowe aPodręczniki akademickie1 aKalina, Jacek. a8320431034 cBPK apol aPOL a621.311.21::697:662.76](075.8) s pl f |000 0 pol  uhttp://koha.tu.koszalin.pl/cgi-bin/koha/opac-detail.pl?biblionumber=55593yKatalog online BPK